Birds of South Asia : the Ripley guide Volume 2 - attributes and status ( Purchased for Programmes Dept.) (Record no. 605367)

MARC details
000 -LEADER
fixed length control field 00658nam a2200145Ia 4500
008 - FIXED-LENGTH DATA ELEMENTS--GENERAL INFORMATION
fixed length control field 100415s9999 xx 000 0 und d
082 ## - DEWEY DECIMAL CLASSIFICATION NUMBER
Item number 22485
Classification number 598.2(54)
100 ## - MAIN ENTRY--PERSONAL NAME
Personal name RASMUSSEN, PAMELA; ANDERTON, J
245 ## - TITLE STATEMENT
Title Birds of South Asia : the Ripley guide Volume 2 - attributes and status ( Purchased for Programmes Dept.)
260 ## - PUBLICATION, DISTRIBUTION, ETC. (IMPRINT)
Place of publication, distribution, etc WASHINGTON
Date of publication, distribution, etc 2005
Name of publisher, distributor, etc SMITHONIAN INSTITUTION PRESS
365 ## - TRADE PRICE
Price amount 0
630 ## - SUBJECT ADDED ENTRY--UNIFORM TITLE
Uniform title Birds of South Asia : the Ripley guide Volume 2 - attributes and status ( Purchased for Programmes Dept.)
730 ## - ADDED ENTRY--UNIFORM TITLE
Uniform title Birds of South Asia : the Ripley guide Volume 2 - attributes and status ( Purchased for Programmes Dept.)
942 ## - ADDED ENTRY ELEMENTS (KOHA)
Koha item type Book
Holdings
Withdrawn status Lost status Damaged status Not for loan Home library Current library Date acquired Cost, normal purchase price Total Checkouts Full call number Barcode Date last seen Price effective from Koha item type
        Bombay Natural History Society Bombay Natural History Society 02/16/2010 0.00   598.2(54) 22485 BNHS-22485 04/15/2010 04/15/2010 Book